| 000 | 00455nam a2200169 a 4500 | ||
|---|---|---|---|
| 005 | 20140412111429.0 | ||
| 008 | 090225s19uu xx 00 eng d | ||
| 020 | _a0-439-81508-8 | ||
| 050 |
_aTR(GS 220.9 _bM78 2006 |
||
| 100 | _aMoore, Eva | ||
| 245 |
_aJesus gives his blessing / _cEva Moore. |
||
| 260 |
_aNew York : _bScholastic, _c2006. |
||
| 300 | _aunp. | ||
| 440 | _aA Read and learn bible story | ||
| 650 | _aBible stories | ||
| 999 |
_c106312 _d106312 |
||